000 00622nam a22002057a 4500
005 20251108171232.0
008 250721s1988 xx 000 0 ara d
082 1 4 _aم/216.22/تيم
100 1 _aإبن تيميه، تقي الدين أبو العباس ....
245 1 0 _aفقه الصلاة و أحكامها /
264 1 _aبيروت :
_bدار الفكر العربي،
_c1988.
300 _a603ص
650 1 7 _aالإسلام
650 1 7 _aالفقه
650 1 7 _aالعبادات
650 1 7 _aالصلاة
700 1 _aالجميلي، السيد
_eتحقيق
942 _2ddc
_cREF
999 _c60044
_d60044